Katalytická oxidácia cyklopentanónu diplomová práca

Saved in:
Bibliographic Details
Main Author: Kajánek, Jakub
Format: Book
Language:Slovak
Published: Bratislava STU FCHPT 2019
Online Access:View in OPAC
Tags: Add Tag
No Tags, Be the first to tag this record!

MARC

LEADER 00000nam a2200000 a 4500
005 20260127134420.0
008 190626 2019 xo a 000 0 slo d
035 |a vtls011874000 
039 9 |y 201906261147  |z mschk03 
040 |a STUSCHK1  |b slo  |c STUSCHK1  |e AACR2 
100 1 |a Kajánek, Jakub 
245 1 |a Katalytická oxidácia cyklopentanónu  |b diplomová práca  |c Jakub Kajánek 
260 |a Bratislava  |b STU FCHPT  |c 2019 
300 |a 69 s.  |b Obr., tab.  |c 25 cm 
500 |a Študijný program: chemické technológie 
500 |a Študijný odbor: chemické technológie 
500 |a Školiace pracovisko: Oddelenie organickej technológie, katalýzy a ropy 
500 |a Evid. číslo: FCHPT-5439-76603 
910 |a SCHK95 
999 |c 12264  |d 12264